000 00686nam a22002057a 4500
999 _c12177
_d12177
003 AR-CdUCM
008 190408b ||||| |||| 00| 0 spa d
040 _aMUNICIPALIDAD PROVINCIAL DEL CUSCO
_cBIBLIOTECA MUNICIPAL DEL CUSCO
082 _a869.1 /
_bE93 / 1928
100 _aEstrella, Omar
_927195
245 _aBrújula poemas /
260 _aLa Paz :
_bIndoamérica,
_c1928.
300 _a80 páginas ;
_c17 cm.
505 _aContenido : Poema del sentido máximo -- Madre -- Poema -- Poema de la prisión -- Puna -- Sonrisa ...
650 _aPoema
_96104
650 _aBoliviana
_925281
650 _aLatinoamericana
_95799
942 _2ddc
_cLIBROS
945 _arah
_d08/04/2019